Départements des plus beaux villages de France - Statistiques

Statistiques générales
  • Ce quiz a été pris 6 144 fois
    4 575 depuis la dernière actualisation
  • Le résultat moyen est 13 sur 22
Statistiques - réponses
Nombre Département % Correct
7 Var
75%
4 Alpes-Maritimes
68%
8 Lot
67%
4 Haut-Rhin
64%
7 Vaucluse
64%
5 Tarn
63%
4 Gard
62%
3 Hérault
62%
5 Pyrénées-Atlantiques
60%
11 Aveyron
59%
5 Pyrénées-Orientales
59%
10 Dordogne
58%
5 Lot-et-Garonne
58%
3 Tarn-et-Garonne
56%
6 Corrèze
54%
3 Cantal
53%
6 Gers
53%
6 Drôme
52%
3 Lozère
52%
5 Charente-Maritime
46%
6 Haute-Loire
40%
3 Indre-et-Loire
35%
Aucun quiz correspondant
Distribution des résultats
% des personnes avec chaque résultat
Percentile par nombre de réponses
Votre historique - résultats
Vous n’avez pas pris ce quiz depuis la dernière actualisation